00618nam a2200193Ia 4500952013300000999001700133003000400150005001700154008004100171020001800212040000900230082001800239100002100257245003500278260004800313300000900361650001200370942004200382 00102ddc40708PHYSICSaMESbMEScPHYd2019-02-20g650.00l0o530.12 GHO/Qp37570r2019-02-20 00:00:00w2019-02-20yBKzGL11R3 c34578d34578OSt20200904094643.0190216s9999||||xx |||||||||||||| ||und|| a9788184873177 coclc a530.12bGHO/Q aGhosh, P K91348 0aQuantum Mechanics /cP K Ghosh bNarosa Publishing House,c2014.aNew Delhi: a300p aPhysics cBK2ddch530.12iGHO/Qk530.12mGHO/Q